| 000 | 00921nam a2200265Ia 4500 | ||
|---|---|---|---|
| 001 | 19709 | ||
| 003 | DO-CoUTE | ||
| 005 | 20260204212623.0 | ||
| 008 | 220104s9999 dr 000 0 spa d | ||
| 020 | _a978-958-759-087-6 | ||
| 040 |
_aDO-CoUTE _bspa _cDO-CoUTE |
||
| 041 | 0 | _aspa | |
| 082 | _a634.773 M477a | ||
| 100 | 1 | _aMazzeo Meneses, Miguel Humberto | |
| 245 | 1 | 0 | _aAprovechamiento de residuos de cosecha y poscosecha del plátano / Miguel Humberto Mazzaeo Meneses, Félix Octavio Díaz Arango, Luis Fernando Mejía Gutiérrez |
| 260 | _aManizales, Colombia:Universidad de Caldas, Facutad de Ingenierías | ||
| 300 | _a125 páginas | ||
| 650 | 4 | _aAgroindustria del plátano | |
| 650 | 4 | _aPlátano-Investigaciones | |
| 700 | 1 | _aDíaz Arango, Félix Octavio | |
| 700 | 1 | _aMejía Gutiérrez, Luis Fernando | |
| 942 |
_2ddc _cBK |
||
| 999 |
_c21294 _d21294 |
||